Bad Trencsénteplicz - fürdő látképe : Panorama

Zobrazenie: Celkový pohľad zo zľava na zvažujúceho trávnatého svahu na mesto. Pred mestom je pás stromov, medzi ktorými je vľavo dom s modrou strechou. V úzadí je sprava sa zvažujúci zalesnený kopec

Bibliographic Details
Format: Postcard
Language:Hungarian
German
PhysicalDescription:1 pohľadnica kolorovaná 9 x 14 cm
Published: Meissen Hermann Seibt 1916
Subjects:

MARC

LEADER 00000ckm a2200000 a 4500
001 vtls011780429
003 SK-MaSNL
005 20260512123038.0
007 kp ho
008 230706s1916 gw g kuhun
015 |a SNBG1916 
035 |a urn:nbn:sk:snk-km00ebcu 
035 |a urn:nbn:sk:snk-km43fte 
035 |a 0065F56D-5F84-4AF2-9F57-829F11E08AC3 
040 |a SNK  |b slo  |c SNK  |e AACR2 
041 0 |a hun  |a ger 
043 |a e-xo--- 
044 |a gw  |c DE 
072 7 |a 913  |x Regionálna geografia  |2 konspekt 
080 |a 913(437.6)  |2 2011 
080 |a (084.121)  |2 2011 
080 |a 711.455:615.838  |2 2011 
245 0 0 |a Bad Trencsénteplicz - fürdő  |h grafika  |b látképe : Panorama 
246 3 3 |a Bad Trencsénteplicz  |b Panorama 
246 3 3 |a Trencsénteplicz - fürdő  |b látképe 
246 1 |i Názov na adresnej časti:  |a Trencsénteplicz,.... 
260 |a Meissen  |b Hermann Seibt  |c 1916 
300 |a 1 pohľadnica  |b kolorovaná  |c 9 x 14 cm 
500 |a Názvové údaje prevzaté z obrazovej časti pohľadnice 
500 |a Na adresnej časti uvedené: "2/1/2891" 
520 8 |a Zobrazenie: Celkový pohľad zo zľava na zvažujúceho trávnatého svahu na mesto. Pred mestom je pás stromov, medzi ktorými je vľavo dom s modrou strechou. V úzadí je sprava sa zvažujúci zalesnený kopec 
546 |a Hlavný názov je kombináciou dvoch jazykov: nemčiny a maďarčiny ; súbežný podnázov v nemčine 
610 2 7 |a Kúpele Trenčianske Teplice (Slovensko)  |2 SNKKA  |9 189670 
650 0 7 |a kúpele  |2 SNKPH  |9 1139 
651 7 |a Trenčianske Teplice (Slovensko)  |2 SNKPHgeo  |9 14503 
655 7 |a miestne pohľadnice  |2 SNKPH  |9 70510 
852 |a Slovenská národná knižnica 
958 |a GBN 
958 |a ONDV 
958 |a GC 
999 |c 688463  |d 690393 
952 |a SNK  |b SNK  |y PREZ  |7 0  |p 17A1336038  |o snkSP 114139  |z Pohľadnica prešla poštou.  |0 0  |1 0  |4 0  |d 2018-09-21  |f 1  |l 0  |r 2026-02-23 20:19:04  |w 2026-02-23